<?xml version="1.0" encoding="UTF-8"?><?xml-stylesheet type="text/xsl" href="static/style.xsl"?><OAI-PMH xmlns="http://www.openarchives.org/OAI/2.0/" xmlns:xsi="http://www.w3.org/2001/XMLSchema-instance" xsi:schemaLocation="http://www.openarchives.org/OAI/2.0/ http://www.openarchives.org/OAI/2.0/OAI-PMH.xsd"><responseDate>2026-06-29T02:44:15Z</responseDate><request verb="GetRecord" identifier="oai:docta.ucm.es:20.500.14352/121156" metadataPrefix="marc">https://docta.ucm.es/rest/oai/request</request><GetRecord><record><header><identifier>oai:docta.ucm.es:20.500.14352/121156</identifier><datestamp>2025-06-10T23:47:14Z</datestamp><setSpec>com_20.500.14352_14</setSpec><setSpec>col_20.500.14352_15</setSpec></header><metadata><record xmlns="http://www.loc.gov/MARC21/slim" xmlns:dcterms="http://purl.org/dc/terms/" xmlns:xsi="http://www.w3.org/2001/XMLSchema-instance" xmlns:doc="http://www.lyncode.com/xoai" xsi:schemaLocation="http://www.loc.gov/MARC21/slim http://www.loc.gov/standards/marcxml/schema/MARC21slim.xsd">
   <leader>00925njm 22002777a 4500</leader>
   <datafield ind2=" " ind1=" " tag="042">
      <subfield code="a">dc</subfield>
   </datafield>
   <datafield ind2=" " ind1=" " tag="720">
      <subfield code="a">Pineda Blanco, Hermes Manuel</subfield>
      <subfield code="e">author</subfield>
   </datafield>
   <datafield ind2=" " ind1=" " tag="720">
      <subfield code="a">Pérez Garrido, Carlos</subfield>
      <subfield code="e">author</subfield>
   </datafield>
   <datafield ind2=" " ind1=" " tag="720">
      <subfield code="a">Astilleros García-Monge, José Manuel</subfield>
      <subfield code="e">author</subfield>
   </datafield>
   <datafield ind2=" " ind1=" " tag="260">
      <subfield code="c">2025</subfield>
   </datafield>
   <datafield ind2=" " ind1=" " tag="520">
      <subfield code="a">En la superficie terrestre, los minerales interactúan constantemente con las aguas naturales, lo que conlleva, en condiciones desfavorables, al deterioro de la calidad del agua. No obstante, la interacción de ciertos materiales naturales o biominerales con aguas contaminadas por metales pesados puede reducir radicalmente su toxicidad mediante procesos de sorción de estos elementos sobre estas superficies minerales (Godelitsas y Astilleros, 2010; Ahmad et al., 2012). La investigación que se presenta aquí se centra en evaluar la eficacia de las cáscaras de huevo de gallina (Gallus gallus domesticus) en la eliminación de Cu disuelto en agua y analizar el efecto que ejercen determinados aniones (cloro y acetato) presentes en la disolución en el proceso de eliminación.</subfield>
   </datafield>
   <datafield ind1="8" ind2=" " tag="024">
      <subfield code="a">Hermes Manuel Pineda Blanco, Carlos Pérez-Garrido, José Manuel Astilleros (2025). Eliminación de cobre en solución mediante la interacción con cáscaras de huevo de gallina (calcita biogénica). Macla, n. 28. p. 188-189</subfield>
   </datafield>
   <datafield ind1="8" ind2=" " tag="024">
      <subfield code="a">2659-9864</subfield>
   </datafield>
   <datafield ind1="8" ind2=" " tag="024">
      <subfield code="a">https://hdl.handle.net/20.500.14352/121156</subfield>
   </datafield>
   <datafield ind1="8" ind2=" " tag="024">
      <subfield code="a">https://www.semineral.es/websem/PdfServlet?mod=archivos&amp;subMod=publicaciones&amp;archivo=MACLA%2028-93.pdf</subfield>
   </datafield>
   <datafield ind2="0" ind1="0" tag="245">
      <subfield code="a">Eliminación de cobre en solución mediante la interacción con cáscaras de huevo de gallina (calcita biogénica)</subfield>
   </datafield>
</record></metadata></record></GetRecord></OAI-PMH>